<?xml version="1.0" encoding="UTF-8"?>
<record
    xmlns:xsi="http://www.w3.org/2001/XMLSchema-instance"
    xsi:schemaLocation="http://www.loc.gov/MARC21/slim http://www.loc.gov/standards/marcxml/schema/MARC21slim.xsd"
    xmlns="http://www.loc.gov/MARC21/slim">

  <leader>04706nam a2200385 a 4500</leader>
  <controlfield tag="001">40776</controlfield>
  <controlfield tag="003">FlNmELB</controlfield>
  <controlfield tag="005">20241216221915.0</controlfield>
  <controlfield tag="006">m     o  d |      </controlfield>
  <controlfield tag="007">cr cn|||||||||</controlfield>
  <controlfield tag="008">201208r2010    ag |||||s|||||||||||spa d</controlfield>
  <datafield tag="035" ind1=" " ind2=" ">
    <subfield code="a">(MiAaPQ)EBC3200405</subfield>
  </datafield>
  <datafield tag="035" ind1=" " ind2=" ">
    <subfield code="a">(Au-PeEL)EBL3200405</subfield>
  </datafield>
  <datafield tag="035" ind1=" " ind2=" ">
    <subfield code="a">(CaPaEBR)ebr10576975</subfield>
  </datafield>
  <datafield tag="035" ind1=" " ind2=" ">
    <subfield code="a">(OCoLC)929368157</subfield>
  </datafield>
  <datafield tag="040" ind1=" " ind2=" ">
    <subfield code="a">FlNmELB</subfield>
    <subfield code="b">spa</subfield>
    <subfield code="c">FlNmELB</subfield>
  </datafield>
  <datafield tag="050" ind1=" " ind2="4">
    <subfield code="a">RC280.B8</subfield>
    <subfield code="b">B574 2010</subfield>
  </datafield>
  <datafield tag="080" ind1=" " ind2=" ">
    <subfield code="a">618.19-006.6</subfield>
  </datafield>
  <datafield tag="082" ind1="0" ind2="4">
    <subfield code="a">616.99449</subfield>
    <subfield code="2">22</subfield>
  </datafield>
  <datafield tag="100" ind1="1" ind2=" ">
    <subfield code="a">B&#xE9;guelin, Wendy.</subfield>
  </datafield>
  <datafield tag="245" ind1="1" ind2="0">
    <subfield code="a">Definici&#xF3;n de una nueva clase de complejo transcripcional</subfield>
    <subfield code="h">[recurso electronico] :</subfield>
    <subfield code="b">ErbB2 act&#xFA;a de coactivador de Stat3 promoviendo la proliferaci&#xF3;n en tumores mamarios = Defining a new class of transcriptional complex: ErbB2 acts as coactivator of Stat3 inducing proliferation in breast tumors /</subfield>
    <subfield code="c">Wendy B&#xE9;guelin ; director: Patricia V. Elizalde.</subfield>
  </datafield>
  <datafield tag="246" ind1="3" ind2="2">
    <subfield code="a">Defining a new class of transcriptional complex :</subfield>
    <subfield code="b">ErbB2 acts as coactivator of Stat3 inducing proliferation in breast tumors</subfield>
  </datafield>
  <datafield tag="260" ind1=" " ind2=" ">
    <subfield code="a">Buenos Aires, Argentina :</subfield>
    <subfield code="b">Universidad de Buenos Aires,</subfield>
    <subfield code="c">2010.</subfield>
  </datafield>
  <datafield tag="300" ind1=" " ind2=" ">
    <subfield code="a">178 p.</subfield>
  </datafield>
  <datafield tag="502" ind1=" " ind2=" ">
    <subfield code="a">Universidad de Buenos Aires. Facultad de Ciencias Exactas y Naturales.</subfield>
  </datafield>
  <datafield tag="520" ind1=" " ind2=" ">
    <subfield code="a">El receptor con actividad de tirosina quinasa ErbB2 y la prote&#xED;na transductora de se&#xF1;ales y activadora de la transcripci&#xF3;n 3 (Stat3) juegan un rol importante en el desarrollo del c&#xE1;ncer de mama. Distintas evidencias sugieren la existencia de interacciones cruzadas entre ErbB2 y Stat3. Sin embargo, los mecanismos moleculares que subyacen a esta interacci&#xF3;n en tumores mamarios permanecen poco estudiados. En este trabajo identificamos un nuevo mecanismo de interacci&#xF3;n entre ErbB2 y Stat3 que involucra la translocaci&#xF3;n nuclear de ErbB2 y la formaci&#xF3;n de un complejo en el que ErbB2 act&#xFA;a como coactivador transcripcional de Stat3. Mostramos que la formaci&#xF3;n de este complejo es inducida tanto por el ligando de los receptores ErbBs, heregulina, como por los progest&#xE1;genos a trav&#xE9;s del receptor de progesterona (PR). Demostramos tambi&#xE9;n que la funci&#xF3;n de ErbB2 como coactivador de Stat3 promueve la activaci&#xF3;n del promotor de ciclina D1. Cuando la formaci&#xF3;n del complejo Stat3/ErbB2 es inducida por progest&#xE1;genos, encontramos al PR co-reclutado en el promotor de ciclina D1, revelando un nuevo mecanismo de acci&#xF3;n gen&#xF3;mico no cl&#xE1;sico del PR. Demostramos que la presencia de ErbB2 en el n&#xFA;cleo celular ejerce un rol fundamental en la proliferaci&#xF3;n in vitro e in vivo en tumores mamarios. Estos hallazgos revelan una posible intervenci&#xF3;n terap&#xE9;utica nueva en tumores de mama que sobreexpresan ErbB2, mediante la inhibici&#xF3;n de la translocaci&#xF3;n nuclear de ErbB2, dado que esta estrategia es efectiva en c&#xE9;lulas tumorales resistentes a las terapias anti ErbB2 convencionales.</subfield>
  </datafield>
  <datafield tag="520" ind1=" " ind2=" ">
    <subfield code="a">ErbB2 tyrosine kinase receptor and Signal Transducer and Activator of Transcription 3 (Stat3) have been unraveled as two major players in breast cancer growth. In spite of all the accumulating evidence suggesting a crosstalk between ErbB2 and Stat3, the molecular mechanisms underlying ErbB2 and Stat3 interaction in breast tumor remain poorly explored. In this work, we identified a new mechanism of ErbB2 and Stat3 interaction, which involves ErbB2 nuclear translocation and the assembly of a complex in which ErbB2 acts as a transcriptional coactivator of Stat3. We showed that the assembly of this complex is induced by heregulin, a ligand of the ErbBs receptors, as well as by ligand bound progesterone receptor (PR). We also highlighted that ErbB2 function as Stat3 coactivator drives cyclin D1 promoter activation. When the assembly of Stat3/ErbB2 complex is induced by progestins, we found PR recruitment together with Stat3 and ErbB2 to the cyclin D1 promoter, unraveling a new nonclassical PR genomic mechanism. We found that the nuclear Stat3/ErbB-2 transcriptional complex plays a key role in in vitro and in vivo proliferation of breast tumors. Our findings reveal a novel therapeutic intervention in ErbB2-overexpressing breast tumors, by inhibition of ErbB2 nuclear translocation, since this strategy has proven effective in tumor cells which are resistant to conventional anti ErbB2 therapies.</subfield>
  </datafield>
  <datafield tag="533" ind1=" " ind2=" ">
    <subfield code="a">Recurso electr&#xF3;nico. Santa Fe, Arg.: e-libro, 2015. Disponible v&#xED;a World Wide Web. El acceso puede estar limitado para las bibliotecas afiliadas a e-libro.</subfield>
  </datafield>
  <datafield tag="650" ind1=" " ind2="4">
    <subfield code="a">C&#xE1;ncer de mama.</subfield>
  </datafield>
  <datafield tag="650" ind1=" " ind2="4">
    <subfield code="a">Breast</subfield>
    <subfield code="x">Cancer.</subfield>
  </datafield>
  <datafield tag="655" ind1=" " ind2="4">
    <subfield code="a">Libros electr&#xF3;nicos.</subfield>
  </datafield>
  <datafield tag="700" ind1="1" ind2=" ">
    <subfield code="a">Elizalde, Patricia V,</subfield>
    <subfield code="e">dir.</subfield>
  </datafield>
  <datafield tag="710" ind1="2" ind2=" ">
    <subfield code="a">e-libro, Corp.</subfield>
  </datafield>
  <datafield tag="856" ind1="4" ind2="0">
    <subfield code="u">https://elibro.net/ereader/politecnicointernacional/85626</subfield>
  </datafield>
  <datafield tag="999" ind1=" " ind2=" ">
    <subfield code="c">40776</subfield>
    <subfield code="d">40776</subfield>
  </datafield>
</record>
